| 000 | 00592cam a2200217 4500500 | ||
|---|---|---|---|
| 005 | 20260329005119.0 | ||
| 041 | _afre | ||
| 042 | _adc | ||
| 100 | 1 | 0 |
_aRobert, Joséphine _eauthor |
| 245 | 0 | 0 | _aPascal à la plage |
| 260 | _c2022. | ||
| 500 | _a95 | ||
| 690 | _aBlaise Pascal | ||
| 690 | _aFoi | ||
| 690 | _aHumilité | ||
| 690 | _aPari | ||
| 690 | _aPascal | ||
| 690 | _aPlage | ||
| 786 | 0 | _nPhilosophie magazine | 161 | 8 | 2022-07-01 | p. 57-57 | 1951-1787 | |
| 856 | 4 | 1 | _uhttps://shs.cairn.info/magazine-philosophie-magazine-2022-8-page-57?lang=fr&redirect-ssocas=7080 |
| 999 |
_c1840407 _d1840407 |
||